[Event "It (cat.2)"]
[Site "masterchessopen.com – Budapest (Hungary)"]
[Round "7"]
[White "Seres Lajos (HUN)"]
[Black "Berczes David (HUN)"]
[Result "1-0"]
[WhiteElo "2474"]
[BlackElo "2140"]

1.d4 Nf6 2.c4 e6 3.Nc3 Bb4 4.f3 d5 5.a3 Be7 6.e4 dxe4 7.fxe4 O-O 8.Nf3 c5 9.e5
Nfd7 10.d5 exd5 11.cxd5 Re8 12.Be2 Bf8 13.Bf4 g6 14.O-O Bg7 15.e6 fxe6 16.dxe6
Nb6 17.Qxd8 Rxd8 18.Nb5 Nd5 19.e7 Re8 20.Bc4 {#r} 1-0

[Event "Ch England (team) 2000/01"]
[Site "masterchessopen.com – England"]
[Round "8"]
[White "Palliser Richard (ENG)"]
[Black "Dineley Richard (WLS)"]
[Result "1-0"]
[WhiteElo "2443"]
[BlackElo "2284"]

1.d4 Nf6 2.c4 e6 3.Nc3 Bb4 4.f3 c5 5.d5 b5 6.e4 bxc4 7.Bxc4 Nxd5 8.Bxd5 exd5
9.Qxd5 Nc6 10.Be3 Qb6 11.Kf2 Ba6 12.Nce2 Qb5 13.Nf4 O-O 14.Nh5 Bc3 15.bxc3
Qb2+ 16.Bd2 Qxa1 17.Qg5 g6 18.Qf6 gxh5 19.Qg5+ Kh8 20.Qf6+ Kg8 21.Bh6 Qxa2+
22.Ne2 {#r} 1-0

[Event "Ch France (team) (2) 2001/02"]
[Site "masterchessopen.com – France"]
[Round "1"]
[White "Partos Charles (SUI)"]
[Black "Barsov Alexei (UZB)"]
[Result "0-1"]
[WhiteElo "2386"]
[BlackElo "2525"]

1.d4 e6 2.c4 Nf6 3.Nc3 Bb4 4.f3 Nc6 5.Bg5 h6 6.Bh4 e5 7.e3 exd4 8.exd4 O-O
9.Ne2 Re8 10.Qd3 Bxc3+ 11.Qxc3 d5 12.c5 a5 13.Bf2 Bf5 14.a3 a4 15.Kd1 Na5
16.Nc1 Nc4 17.Bxc4 dxc4 18.Qxc4 Nd5 19.g4 Bg6 20.Rf1 Re3 21.f4 Rf3 22.f5 Rxf2
{#R} 0-1

[Event "It \"]
[Site "masterchessopen.com – Las Vegas (USA)"]
[Round "2"]
[White "Summerscale Aaron (ENG)"]
[Black "Yermolinsky Alex (USA)"]
[Result "1-0"]
[WhiteElo "2503"]
[BlackElo "2577"]

1.d4 Nf6 2.c4 e6 3.Nc3 Bb4 4.f3 d5 5.a3 Bxc3+ 6.bxc3 c6 7.e3 b6 8.cxd5 cxd5
9.Bb5+ Nbd7 10.a4 a6 11.Bd3 O-O 12.Ne2 Bb7 13.O-O Rc8 14.Ba3 Re8 15.Rc1 e5
16.Ng3 g6 17.Qe2 a5 18.Qa2 h5 19.e4 h4 20.Ne2 exd4 21.cxd4 {#r} 1-0

[Event "It (open)"]
[Site "masterchessopen.com – Linares (Spain)"]
[Round "10"]
[White "Golod Vitali (ISR)"]
[Black "Turov Maxim (RUS)"]
[Result "1-0"]
[WhiteElo "2517"]
[BlackElo "2564"]

1.c4 Nf6 2.d4 e6 3.Nc3 Bb4 4.f3 c5 5.d5 O-O 6.e4 Re8 7.Ne2 d6 8.Bd2 exd5
9.cxd5 Nbd7 10.Ng3 Ne5 11.Be2 c4 12.O-O Bd7 13.Kh1 b5 14.a4 a6 15.axb5 axb5
16.Rxa8 Qxa8 17.Bg5 Kf8 18.Bxf6 gxf6 19.Nh5 Ke7 20.f4 Nd3 21.Bxd3 cxd3 22.Qxd3
Bg4 23.Nxf6 Bxc3 24.Nxe8 {#r} 1-0

[Event "Ch Sweden (master's group)"]
[Site "masterchessopen.com – Linkoping (Sweden)"]
[Round "9"]
[White "Rylander Dennis (SWE)"]
[Black "Ahlander Bjorn (SWE)"]
[Result "0-1"]
[WhiteElo "2310"]
[BlackElo "2426"]

1.d4 Nf6 2.c4 e6 3.Nc3 Bb4 4.f3 c5 5.d5 b5 6.e4 bxc4 7.Bxc4 Nxd5 8.Bxd5 exd5
9.Qxd5 Nc6 10.Be3 O-O 11.Bxc5 Qh4+ 12.Bf2 Qf6 13.Ne2 Ba6 14.Bd4 Qh6 15.Rd1
Rab8 16.Rd2 Rb5 17.Qxd7 Rd8 18.Qh3 Rh5 19.Qg4 Nxd4 20.Nxd4 Qe3+ 21.Kd1 Rxd4
22.Rxd4 Qxd4+ 23.Kc1 Bxc3 {#R} 0-1

[Event "Memorial C.Linklater"]
[Site "masterchessopen.com – San Francisco (USA)"]
[Round "4"]
[White "Kretchetov Alexandre (RUS)"]
[Black "Stearns Aaron (USA)"]
[Result "1-0"]
[WhiteElo "2300"]
[BlackElo "2218"]

1.d4 e6 2.c4 Nf6 3.Nc3 Bb4 4.f3 c5 5.d5 b5 6.e4 bxc4 7.Bxc4 O-O 8.Ne2 exd5
9.Bxd5 Nxd5 10.Qxd5 Qb6 11.Be3 Bb7 12.Qd2 Nc6 13.a3 Bxc3 14.Qxc3 d6 15.O-O Ba6
16.Rf2 Bxe2 17.Rxe2 Rae8 18.Rd2 Ne5 19.b4 cxb4 20.axb4 Qb8 21.Bxa7 Qd8 22.Rad1
Re6 23.Bc5 {#r} 1-0

[Event "Ch Spain (team) (2 div)"]
[Site "masterchessopen.com – Spain"]
[Round "4"]
[White "Linares Quero Alba (ESP)"]
[Black "Arnold Perier Felipe (ESP)"]
[Result "0-1"]
[WhiteElo "2049"]
[BlackElo "2170"]

1.d4 Nf6 2.c4 e6 3.Nc3 Bb4 4.f3 Nc6 5.e4 d5 6.cxd5 exd5 7.e5 Ng8 8.Be3 Nh6
9.Qd2 Nf5 10.Bg5 f6 11.exf6 gxf6 12.Be3 Nxe3 13.Qxe3+ Qe7 14.Qxe7+ Nxe7
15.O-O-O c6 16.g3 Kf7 17.a3 Bd6 18.Bh3 Nf5 19.Rd2 h5 20.Nge2 Nxd4 21.Rxd4 Bxh3
22.f4 Bf5 23.h3 Bc5 {#R} 0-1

[Event "Ch Romania (w)"]
[Site "masterchessopen.com – Targoviste (Romania)"]
[Round "8"]
[White "Tutulan Mihaela (ROM)"]
[Black "Kovacs Ondina (ROM)"]
[Result "1-0"]
[WhiteElo "2012"]
[BlackElo "2116"]

1.d4 Nf6 2.c4 e6 3.Nc3 Bb4 4.f3 O-O 5.e4 d5 6.e5 Nfd7 7.a3 Bxc3+ 8.bxc3 c5
9.Nh3 b6 10.Bd3 dxc4 11.Be4 {#r} 1-0

[Event "It (cat.2)"]
[Site "masterchessopen.com – Budapest (Hungary)"]
[Round "1"]
[White "Babos Csaba (ROM)"]
[Black "Orso Miklos (HUN)"]
[Result "0-1"]
[WhiteElo "2278"]
[BlackElo "2362"]

1.d4 Nf6 2.c4 e6 3.Nc3 Bb4 4.f3 O-O 5.e4 d5 6.e5 Nfd7 7.f4 c5 8.a3 Ba5 9.cxd5
exd5 10.Nf3 cxd4 11.b4 dxc3 12.Bd3 Bb6 13.Bxh7+ Kxh7 14.Ng5+ Qxg5 15.fxg5 Nxe5
16.Rf1 Re8 17.Qa4 Bg4 {#R} 0-1

[Event "Ch Iceland (team) 2002/03"]
[Site "masterchessopen.com – Iceland"]
[Round "1"]
[White "Halldorsson Bragi (ISL)"]
[Black "Olafsson Helgi (ISL)"]
[Result "0-1"]
[WhiteElo "2239"]
[BlackElo "2270"]

1.d4 Nf6 2.c4 e6 3.Nc3 Bb4 4.f3 c5 5.d5 Nh5 6.e4 Qh4+ 7.Kd2 Ng3 8.Qe1 Nxf1+
9.Qxf1 exd5 10.cxd5 d6 11.Kc2 O-O 12.g4 Bxc3 13.bxc3 b6 14.Nh3 Qe7 15.Nf4 Ba6
16.Qe1 Nd7 17.Kd2 Ne5 18.Ke3 f5 19.Ne6 f4+ {#R} 0-1

[Event "It"]
[Site "masterchessopen.com – Madrid (Spain)"]
[Round "8"]
[White "Martinez Martin David (ESP)"]
[Black "Longa Yauca Javier (PER)"]
[Result "0-1"]
[WhiteElo "2354"]
[BlackElo "2354"]

1.d4 Nf6 2.c4 e6 3.Nc3 Bb4 4.f3 d5 5.a3 Be7 6.e4 dxe4 7.fxe4 e5 8.d5 O-O 9.Nf3
Ng4 10.Bd3 Bc5 11.Na4 Bf2+ 12.Ke2 Bd4 13.Rf1 f5 14.exf5 Qe8 15.h3 Nf2 16.Rxf2
Bxf2 17.Kxf2 e4 18.Bc2 Bxf5 19.Qe1 Na6 20.Bd1 exf3 21.Qxe8 Raxe8 {#R} 0-1

[Event "It (open)"]
[Site "masterchessopen.com – Montreal (Canada)"]
[Round "1"]
[White "Bluvshtein Mark (CAN)"]
[Black "Panjwani Raja (CAN)"]
[Result "1-0"]
[WhiteElo "2461"]
[BlackElo "2109"]

1.d4 Nf6 2.c4 e6 3.Nc3 Bb4 4.f3 Nh5 5.g3 f5 6.e4 O-O 7.Bg2 g6 8.a3 Bxc3+
9.bxc3 b6 10.Nh3 Bb7 11.Bh6 Ng7 12.O-O c5 13.d5 Ba6 14.Qa4 e5 15.f4 d6 16.fxe5
dxe5 17.Ng5 Bc8 18.Ne6 Nxe6 19.dxe6 Bb7 20.Bxf8 Qxf8 21.exf5 Bxg2 22.Kxg2 gxf5
23.Qc2 {#r} 1-0

[Event "It (open) \"]
[Site "masterchessopen.com – Moscow (Russia)"]
[Round "1"]
[White "Volkov Sergey Viktorovich (RUS)"]
[Black "Bocharov Dmitry (RUS)"]
[Result "1-0"]
[WhiteElo "2624"]
[BlackElo "2524"]

1.d4 Nf6 2.c4 e6 3.Nc3 Bb4 4.f3 O-O 5.e4 d5 6.cxd5 exd5 7.e5 Nfd7 8.a3 Bxc3+
9.bxc3 f6 10.exf6 Qxf6 11.Ne2 Re8 12.Kf2 b6 13.Nf4 c6 14.Qa4 a5 15.Bd2 Re7
16.Qb3 Ba6 17.Bxa6 Rxa6 18.Rhe1 Rxe1 19.Rxe1 Nf8 20.Re8 Nd7 {#r} 1-0

[Event "Ch Norway (qual)"]
[Site "masterchessopen.com – Norway"]
[Round "7"]
[White "Solem Trond (NOR)"]
[Black "Hansen Torbjorn Ringdal (NOR)"]
[Result "0-1"]
[WhiteElo "2177"]
[BlackElo "2292"]

1.d4 Nf6 2.c4 e6 3.Nc3 Bb4 4.f3 d5 5.a3 Be7 6.cxd5 exd5 7.e4 O-O 8.e5 Nh5 9.g4
Bh4+ 10.Ke2 c5 11.Be3 cxd4 12.Qxd4 Nc6 13.Qxd5 Be6 14.Qxd8 Raxd8 15.Bc5 Bc4+
16.Ke3 Bg5+ 17.Ke4 Nf6+ 18.exf6 Rfe8+ 19.Be7 Rd4+ 20.Kf5 h6 {#R} 0-1

[Event "Ch Europe (blitz)"]
[Site "masterchessopen.com – Panormo (Greece)"]
[Round "3"]
[White "Volkov Sergey Viktorovich (RUS)"]
[Black "Ehlvest Jaan (USA)"]
[Result "1-0"]
[WhiteElo "2624"]
[BlackElo "2600"]

1.d4 Nf6 2.c4 e6 3.Nc3 Bb4 4.f3 d5 5.a3 Bxa3 6.bxa3 c5 7.cxd5 Nxd5 8.dxc5 Qa5
9.e4 Nf6 10.Be3 O-O 11.Kf2 Nfd7 12.Rb1 b6 13.cxb6 axb6 14.Bb5 Nc5 15.Nge2 Ba6
16.a4 Bxb5 17.axb5 Nbd7 18.Qd6 Qa2 19.Ra1 Qc2 20.Rxa8 Rxa8 21.Bxc5 Nxc5 22.Ra1
Rc8 23.Qc6 Rf8 24.Ra8 {#r} 1-0

[Event "It (open) \"]
[Site "masterchessopen.com – Raipur (India)"]
[Round "5"]
[White "Sasikiran Krishnan (IND)"]
[Black "Mishra Neeraj-Kumar (IND)"]
[Result "1-0"]
[WhiteElo "2664"]
[BlackElo "2341"]

1.d4 Nf6 2.c4 e6 3.Nc3 Bb4 4.f3 c5 5.d5 Nh5 6.Nh3 Qh4+ 7.Nf2 Qxc4 8.e4 Bxc3+
9.bxc3 Qxc3+ 10.Bd2 Qd4 11.Qc1 exd5 12.Bc3 Qa4 13.Qg5 d4 14.Qe5+ Kd8 15.Bd2
Nf6 16.Qxc5 d6 17.Qxd6+ Qd7 18.Qg3 Rg8 19.Rc1 b6 20.Bg5 Re8 21.Bb5 {#r} 1-0

[Event "Ch Sao Paulo (3 step)"]
[Site "masterchessopen.com – Sao Paulo (Brazil)"]
[Round "6"]
[White "Dianda Joao Carlos (BRA)"]
[Black "Sega Carlos Alberto (BRA)"]
[Result "0-1"]
[WhiteElo "2104"]
[BlackElo "2315"]

1.d4 Nf6 2.c4 e6 3.Nc3 Bb4 4.f3 d5 5.a3 Be7 6.e4 c5 7.cxd5 exd5 8.e5 Nfd7 9.f4
Nc6 10.Nf3 cxd4 11.Nxd4 O-O 12.Be3 Nxd4 13.Bxd4 Nc5 14.Be2 Bf5 15.O-O Rc8
16.Kh1 Ne4 17.Rc1 Nxc3 18.Rxc3 Rxc3 19.Bxc3 Bc5 20.b4 d4 21.Bb2 {#R} 0-1

[Event "Ch Slovakia (team) 2002/03 (1 liga) West"]
[Site "masterchessopen.com – Slovakia"]
[Round "2"]
[White "Bronis Marian (SVK)"]
[Black "Detko Jan (SVK)"]
[Result "0-1"]
[WhiteElo "2126"]
[BlackElo "2214"]

1.d4 Nf6 2.c4 e6 3.Nc3 Bb4 4.f3 c5 5.d5 Bxc3+ 6.bxc3 Qa5 7.Bd2 d6 8.e4 Nbd7
9.g4 h6 10.Qc2 Nb6 11.g5 hxg5 12.Bxg5 Bd7 13.f4 Nxe4 14.dxe6 Bc6 15.exf7+ Kxf7
16.Ne2 Rae8 {#R} 0-1

[Event "Ch Great Britain (Major Open)"]
[Site "masterchessopen.com – Torquay (England)"]
[Date "2002.08.07"]
[Round "9"]
[White "Nelson Omowale (JAM)"]
[Black "Allen Dominic (ENG)"]
[Result "1-0"]
[WhiteElo "2085"]
[BlackElo "2038"]

1.d4 Nf6 2.c4 e6 3.Nc3 Bb4 4.f3 d5 5.a3 Bxc3+ 6.bxc3 c6 7.Bg5 Qa5 8.Qd2 Nbd7
9.Nh3 O-O 10.cxd5 cxd5 11.e3 b5 12.Bd3 Bb7 13.Nf4 Rac8 14.Ne2 h6 15.Bh4 Rfe8
16.Kf2 e5 17.Bf5 g5 18.Bg3 Re7 19.dxe5 Nh5 20.e6 fxe6 21.Bd6 {#r} 1-0

[Event "Tournament (open)"]
[Site "masterchessopen.com – Vanzaghello (Italy)"]
[Date "2002.09.22"]
[Round "6"]
[White "De Santis Alessio (ITA)"]
[Black "Antognini Francesco (SUI)"]
[Result "1-0"]
[WhiteElo "2267"]
[BlackElo "2147"]

1.d4 Nf6 2.c4 e6 3.Nc3 Bb4 4.f3 O-O 5.e4 d6 6.Ne2 e5 7.a3 Bxc3+ 8.Nxc3 Nc6
9.d5 Ne7 10.Be2 a5 11.Be3 Nh5 12.Qd2 Ng6 13.g3 Bh3 14.O-O-O Qd7 15.Rhg1 Rfe8
16.f4 exf4 17.gxf4 Nf6 18.f5 Ne5 19.Rxg7+ Kh8 20.Rg3 Bg4 21.Bg5 {#r} 1-0

[Event "It"]
[Site "masterchessopen.com – Alushta (Ukraine)"]
[Round "2"]
[White "Shtyrenkov Veniamen (RUS)"]
[Black "Zavgorodniy Sergiy (UKR)"]
[Result "0-1"]
[WhiteElo "2460"]
[BlackElo "2447"]

1.d4 Nf6 2.c4 e6 3.Nc3 Bb4 4.f3 c5 5.d5 b5 6.e4 bxc4 7.Bxc4 exd5 8.Bxd5 Nxd5
9.Qxd5 Nc6 10.Be3 O-O 11.Bxc5 Bxc3+ 12.bxc3 Re8 13.Bd6 Ba6 14.Ne2 Qb6 15.Qb3
Qe3 16.c4 Qg5 17.Qc3 f5 18.O-O fxe4 19.Ng3 exf3 20.Rxf3 Re6 21.Rd1 {#R} 0-1

[Event "It (open)"]
[Site "masterchessopen.com – Condom (France)"]
[Round "6"]
[White "Mohamad Jabbar (IRQ)"]
[Black "Riff Vincent (FRA)"]
[Result "0-1"]
[WhiteElo "2210"]
[BlackElo "2204"]

1.d4 Nf6 2.c4 e6 3.Nc3 Bb4 4.f3 Nc6 5.Bg5 d6 6.e4 e5 7.a3 Bxc3+ 8.bxc3 a6
9.Be3 Nd7 10.f4 O-O 11.f5 exd4 12.Bf4 dxc3 13.Nf3 Re8 14.Bd3 Nc5 15.O-O Nxe4
16.Qc1 Qf6 17.g4 Nd4 18.Bxe4 Ne2+ {#R} 0-1

[Event "It (open) \"]
[Site "masterchessopen.com – Copenhagen (Denmark)"]
[Round "4"]
[White "Christensen Jan (DEN)"]
[Black "Taksrud Vidar (NOR)"]
[Result "0-1"]
[WhiteElo "2243"]
[BlackElo "1981"]

1.d4 Nf6 2.c4 e6 3.Nc3 Bb4 4.f3 c5 5.a3 Ba5 6.Bg5 Qb6 7.Bd2 cxd4 8.Nb5 Bxd2+
9.Qxd2 e5 10.Qg5 O-O 11.Qxe5 Nc6 12.Qc7 Qc5 13.e4 dxe3 14.b4 Qf5 15.Rc1 d5
16.Ne2 dxc4 17.Nbd4 Qd5 18.Rd1 Rd8 19.Nc3 Qe5 20.Qxe5 Nxe5 21.Ndb5 Bf5 {#R}
0-1

[Event "Czech League 2002/03 (2nd) (c)"]
[Site "masterchessopen.com – Czech Republic"]
[Round "9"]
[White "Hlavacek Jiri (CZE)"]
[Black "Mikuev Erenzen (CZE)"]
[Result "1-0"]
[WhiteElo "2225"]
[BlackElo "2261"]

1.d4 Nf6 2.c4 e6 3.Nc3 Bb4 4.f3 Nc6 5.e4 d6 6.Ne2 Qe7 7.a3 Bxc3+ 8.Nxc3 e5
9.d5 Nd4 10.Be3 Nh5 11.Bxd4 exd4 12.Qxd4 f5 13.O-O-O O-O 14.exf5 Qg5+ 15.Qd2
Qxf5 16.g4 Qxf3 17.Be2 {#r} 1-0

[Event "It (open)"]
[Site "masterchessopen.com – Geraardsbergen (Belgium)"]
[Round "6"]
[White "Bosschem Tim (BEL)"]
[Black "Visser Gerrit (BEL)"]
[Result "0-1"]
[WhiteElo "2068"]
[BlackElo "2223"]

1.d4 Nf6 2.c4 e6 3.Nc3 Bb4 4.f3 c5 5.d5 Bxc3+ 6.bxc3 e5 7.e4 d6 8.Bd3 O-O
9.Ne2 Nbd7 10.Be3 Ne8 11.O-O g6 12.Qd2 Ng7 13.a4 {#R} 0-1

[Event "It (open)"]
[Site "masterchessopen.com – Interlaken (Switzerland)"]
[Round "4"]
[White "Ikonnikov Vyacheslav (RUS)"]
[Black "Balogh Csaba (HUN)"]
[Result "1-0"]
[WhiteElo "2559"]
[BlackElo "2527"]

1.d4 Nf6 2.c4 e6 3.Nc3 Bb4 4.f3 Nc6 5.e4 d5 6.e5 Ng8 7.f4 dxc4 8.Nf3 Nge7
9.Bxc4 Nf5 10.O-O Nfxd4 11.Be3 Nf5 12.Qe2 Bxc3 13.bxc3 Nxe3 14.Qxe3 Qe7 15.Ng5
Na5 16.Bb5+ Bd7 17.Bxd7+ Qxd7 18.f5 h6 19.fxe6 fxe6 20.Rad1 Qe7 21.Qd3 {#r}
1-0

[Event "It (open)"]
[Site "masterchessopen.com – Sants (Spain)"]
[Round "2"]
[White "Hillarp Persson Tiger (SWE)"]
[Black "Walter Travella German (ESP)"]
[Result "1-0"]
[WhiteElo "2523"]
[BlackElo "2060"]

1.d4 Nf6 2.c4 e6 3.Nc3 Bb4 4.f3 d5 5.a3 Bxc3+ 6.bxc3 c6 7.e3 Qa5 8.Qd2 dxc4
9.Bxc4 e5 10.e4 O-O 11.Ne2 b5 12.Ba2 Rd8 13.O-O exd4 14.cxd4 Qxd2 15.Bxd2 c5
16.e5 Nd5 17.Bg5 f6 18.exf6 Rd7 19.dxc5 {#r} 1-0

[Event "It (open)"]
[Site "masterchessopen.com – Copenhagen (Denmark)"]
[Date "2004.02.09"]
[Round "3"]
[White "Klos Bjarne (DEN)"]
[Black "Jensen Soren (DEN)"]
[Result "0-1"]
[WhiteElo "1937"]
[BlackElo "1876"]

1.d4 Nf6 2.c4 e6 3.Nc3 Bb4 4.f3 c5 5.d5 Nh5 6.g3 f5 7.Nh3 O-O 8.Bg2 e5 9.O-O
d6 10.Bg5 Nf6 11.e4 Bxc3 12.bxc3 Qe8 13.Nf2 Qg6 14.f4 Nxe4 15.Nxe4 fxe4 16.Qe2
exf4 17.Bxf4 Bf5 18.Bxe4 Bxe4 19.Bxd6 Rxf1+ 20.Rxf1 Qxd6 21.Qxe4 Nd7 22.Re1
Rf8 {#R} 0-1

[Event "It \"]
[Site "masterchessopen.com – Burbank (USA)"]
[Date "2004.04.04"]
[Round "4"]
[White "Van Buskirk Charles (USA)"]
[Black "Sevillano Enrico (USA)"]
[Result "0-1"]
[WhiteElo "2293"]
[BlackElo "2454"]

1.d4 Nf6 2.c4 e6 3.Nc3 Bb4 4.f3 d5 5.a3 Be7 6.e4 dxe4 7.fxe4 e5 8.d5 Bc5 9.Nf3
Bg4 10.Bd3 c6 11.h3 Bxf3 12.Qxf3 Nbd7 13.Bg5 Bd4 14.Rc1 h6 15.Bh4 Qb6 16.b4
cxd5 17.Bxf6 Bxc3+ 18.Rxc3 Qd4 19.Bc2 dxe4 20.Bxe4 Nxf6 21.Bxb7 Rd8 22.Bc6+
Ke7 23.Ba4 Qd2+ 24.Kf1 Ne4 {#R} 0-1

[Event "It (open)"]
[Site "masterchessopen.com – Sitges (Spain)"]
[Round "6"]
[White "Moskalenko Viktor (UKR)"]
[Black "Mateo Ramon (DOM)"]
[Result "1-0"]
[WhiteElo "2551"]
[BlackElo "2453"]

1.d4 Nf6 2.c4 e6 3.Nc3 Bb4 4.f3 Nc6 5.e4 e5 6.a3 exd4 7.axb4 dxc3 8.b5 Ne5
9.f4 Ng6 10.e5 Ne4 11.Nf3 Qe7 12.bxc3 d6 13.Bd3 Nc5 14.O-O dxe5 15.f5 Nh4
16.Ba3 Nxf3+ 17.Qxf3 Qd6 18.Qe3 Qxd3 19.Qxe5+ Ne6 20.fxe6 Bxe6 21.Rad1 {#r}
1-0

[Event "It (open)"]
[Site "masterchessopen.com – Bad Zwischenahn (Germany)"]
[Round "9"]
[White "Lichman Peter (GER)"]
[Black "Fish Gennadij (GER)"]
[Result "0-1"]
[WhiteElo "2270"]
[BlackElo "2523"]

1.d4 Nf6 2.c4 e6 3.Nc3 Bb4 4.f3 c5 5.d5 b5 6.e4 bxc4 7.Bxc4 exd5 8.Bxd5 Nxd5
9.Qxd5 Nc6 10.Ne2 Ba6 11.Be3 Qb6 12.Rd1 O-O 13.Kf2 Rfe8 14.f4 d6 15.b3 Rad8
16.Na4 Qc7 17.Ng3 Ne5 18.fxe5 dxe5 {#R} 0-1

[Event "It (open) (juniors) (under 20)"]
[Site "masterchessopen.com – Bratto (Italy)"]
[Date "2004.08.21"]
[Round "2"]
[White "Bdair Bilal (ITA)"]
[Black "Pagan Nicola"]
[Result "1-0"]
[WhiteElo "2004"]
[BlackElo "1709"]

1.d4 Nf6 2.c4 e6 3.Nc3 Bb4 4.f3 b6 5.e4 d5 6.cxd5 exd5 7.e5 Nfd7 8.a3 Bxc3+
9.bxc3 Bb7 10.Be3 O-O 11.Bd3 Re8 12.f4 f6 13.Nf3 Qe7 14.O-O c5 15.Nh4 fxe5
16.Nf5 Qe6 17.fxe5 Bc6 18.Qg4 g6 19.Nh6+ Kh8 20.Nf7+ Kg8 21.Qh4 Re7 22.Nd8
{#r} 1-0

[Event "It (open)"]
[Site "masterchessopen.com – Vinkovci (Croatia)"]
[Date "2005.03.08"]
[Round "2"]
[White "Cebalo Miso (CRO)"]
[Black "Josic Stevan (CRO)"]
[Result "1-0"]
[WhiteElo "2512"]
[BlackElo "2150"]

1.d4 Nf6 2.c4 e6 3.Nc3 Bb4 4.f3 c5 5.d5 exd5 6.cxd5 Bxc3+ 7.bxc3 d6 8.e4 O-O
9.Ne2 Nbd7 10.Ng3 Re8 11.Be2 a6 12.a4 Qa5 13.Ra3 Ne5 14.O-O c4 15.Be3 b5
16.Bd4 Bd7 17.f4 Ng6 18.Bxf6 gxf6 19.Nh5 Qb6+ 20.Kh1 Re7 21.f5 Ne5 22.Qd2 Kf8
23.Nxf6 Ree8 24.Qg5 {#r} 1-0

[Event "Ch Croatia (team) (2nd league)"]
[Site "masterchessopen.com – Croatia"]
[Date "2005.04.17"]
[Round "2"]
[White "Jukic Zeljko (CRO)"]
[Black "Kuljasevic Davorin (CRO)"]
[Result "0-1"]
[WhiteElo "2254"]
[BlackElo "2381"]

1.d4 Nf6 2.c4 e6 3.Nc3 Bb4 4.f3 c5 5.d5 exd5 6.cxd5 O-O 7.Bg5 Re8 8.e4 Nxe4
9.Bxd8 Nxc3+ 10.Kf2 Nxd1+ 11.Rxd1 Rxd8 12.Nh3 d6 13.Nf4 {#R} 0-1

[Event "It (open)"]
[Site "masterchessopen.com – Nice (France)"]
[Date "2005.08.02"]
[Round "2"]
[White "Kirszenberg Marc (FRA)"]
[Black "Gorbatov Alexej (RUS)"]
[Result "0-1"]
[WhiteElo "2218"]
[BlackElo "2378"]

1.d4 Nf6 2.c4 e6 3.Nc3 Bb4 4.f3 c5 5.d5 exd5 6.cxd5 d6 7.e4 O-O 8.Bg5 Re8
9.Ne2 Nbd7 10.Ng3 Nxe4 11.Nxe4 Qxg5 12.Kf2 Qe5 13.Nb5 Qxb2+ 14.Be2 Rxe4
15.fxe4 c4 16.Rb1 Bc5+ 17.Ke1 Qxa2 18.Nc3 Qa5 19.Qc2 Bd4 20.Kd2 Nc5 {#R} 0-1

[Event "Ch Spain (team) (Premier North)"]
[Site "masterchessopen.com – Barcelona (Spain)"]
[Date "2005.08.11"]
[Round "1"]
[White "Segura Ariza Jose Luis (ESP)"]
[Black "Hernando Rodrigo Julio A (ESP)"]
[Result "1-0"]
[WhiteElo "2222"]
[BlackElo "2361"]

1.d4 Nf6 2.c4 e6 3.Nc3 Bb4 4.f3 d5 5.a3 Bxc3+ 6.bxc3 b6 7.cxd5 exd5 8.e3 O-O
9.Ra2 a5 10.Bd3 Ba6 11.g4 c5 12.Rg2 cxd4 13.cxd4 Qe7 14.Ne2 Rc8 15.O-O Bxd3
16.Qxd3 {#r} 1-0

[Event "It (cat.8)"]
[Site "masterchessopen.com – Alushta (Ukraine)"]
[Date "2005.09.08"]
[Round "8"]
[White "Chuprikov Dmitry (RUS)"]
[Black "Kuzmin Gennadi P (UKR)"]
[Result "0-1"]
[WhiteElo "2423"]
[BlackElo "2507"]

1.d4 Nf6 2.c4 e6 3.Nc3 Bb4 4.f3 d5 5.a3 Bxc3+ 6.bxc3 b6 7.Nh3 Ba6 8.e3 O-O
9.Qa4 c6 10.Bd2 dxc4 11.Be2 e5 12.O-O c5 13.d5 Qxd5 14.Rad1 Qc6 15.Qc2 Bb5
16.Qa2 Ba4 17.Bxc4 Bxd1 18.Rxd1 b5 19.Bb3 Nbd7 20.c4 bxc4 21.Bxc4 Nb6 22.e4
Nxc4 23.Qxc4 Rad8 {#R} 0-1

[Event "Cup Itau (open)"]
[Site "masterchessopen.com – Sao Paulo (Brazil)"]
[Date "2005.10.01"]
[Round "1"]
[White "Lima Darcy (BRA)"]
[Black "Arruda Filho Ivo Pereira De (BRA)"]
[Result "1-0"]
[WhiteElo "2529"]
[BlackElo "1938"]

1.d4 Nf6 2.c4 e6 3.Nc3 Bb4 4.f3 d5 5.a3 Be7 6.e4 dxe4 7.fxe4 c5 8.d5 exd5
9.cxd5 O-O 10.Nf3 Bg4 11.Be2 Ne8 12.O-O Bxf3 13.gxf3 Qd6 14.f4 f5 15.e5 Qh6
16.d6 Bh4 17.Qb3+ Kh8 18.Qxb7 g5 19.Qxa8 gxf4 20.Bxf4 Qg6+ 21.Kh1 Ng7 22.Rg1
Qe6 23.Qg2 Rg8 24.Bf3 {#r} 1-0

[Event "Ch Russia (students)"]
[Site "masterchessopen.com – Nizhnij Tagil (Russia)"]
[Date "2005.10.07"]
[Round "4"]
[White "Shkliar Alexander (RUS)"]
[Black "Bocharov Dmitry (RUS)"]
[Result "0-1"]
[WhiteElo "2314"]
[BlackElo "2592"]

1.d4 Nf6 2.c4 e6 3.Nc3 Bb4 4.f3 c5 5.d5 O-O 6.e4 d6 7.Be3 Re8 8.Qd2 b5 9.Kf2
exd5 10.exd5 bxc4 11.Bxc4 Nbd7 12.a3 Ne5 13.Be2 Bxc3 {#R} 0-1

[Event "Ch Finland (team) 2005/06 (1 Division)"]
[Site "masterchessopen.com – Finland"]
[Date "2005.10.09"]
[Round "3"]
[White "Mottonen Ari (FIN)"]
[Black "Tuononen Janne (FIN)"]
[Result "1-0"]
[WhiteElo "2080"]
[BlackElo "1858"]

1.d4 Nf6 2.c4 e6 3.Nc3 Bb4 4.f3 d5 5.cxd5 Nxd5 6.Qd3 c5 7.e4 Nf6 8.a3 Qa5
9.dxc5 Nbd7 10.Bd2 Nxc5 11.Qb5+ Bd7 12.Qxb4 {#r} 1-0

[Event "It (w) \"]
[Site "masterchessopen.com – Kharkov (Ukraine)"]
[Date "2005.10.25"]
[Round "10"]
[White "Alexanian Nelli (RUS)"]
[Black "Kuzmina Olga (RUS)"]
[Result "0-1"]
[WhiteElo "2161"]
[BlackElo "2261"]

1.d4 Nf6 2.c4 e6 3.Nc3 Bb4 4.f3 c5 5.d5 d6 6.Bd2 O-O 7.e4 Re8 8.Nge2 a6 9.a4
Nbd7 10.Nf4 Bxc3 11.Bxc3 e5 12.Ne2 Nh5 13.Qc1 f5 14.exf5 Qh4+ 15.g3 Qxc4 16.g4
Nhf6 17.Kf2 Qxd5 18.g5 Nh5 19.b3 e4 20.Nf4 Qxf5 21.Bc4+ Kh8 22.Nxh5 Qxf3+
23.Ke1 Qxh1+ 24.Bf1 Ne5 {#R} 0-1